| 000 | 00000nam##2200000za#4500 |
| 001 | 9.572663 |
| 003 | CaOODSP |
| 005 | 20210624183327 |
| 007 | cr ||||||||||| |
| 008 | 150406|2007||||xxc|||||o f|0| 0 eng|d |
| 022 | |a1701-1280 |
| 040 | |aCaOODSP|beng |
| 043 | |an-cn--- |
| 086 | 1 |aFs70-4/2006-043E-PDF |
| 110 | 1 |aCanada. |bDepartment of Fisheries and Oceans. |
| 245 | 10|aProceedings of a workshop on the conservation status of Atlantic salmon : |h[electronic resource]|b13-16 February 2006, Gulf Fisheries Centre, Moncton NB / |c[by] T.L. Marshall. |
| 246 | 3 |aCompte rendu d'un atelier sur la conservation du saumon atlantique |
| 260 | |aDartmouth - Nova Scotia : |bFisheries and Oceans Canada |cMarch 2007. |
| 300 | |a52p.|breferences |
| 490 | 1 |aCanadian Science Advisory Secretariat proceedings series|x1701-1280|v2006/043 |
| 546 | |aChiefly English, with bilingual foreword and abstract. |
| 590 | |a11-31-Supp|b2011-12-13 |
| 720 | 1 |aMarshall, T.L. |
| 830 | #0|aProceedings series (Canadian Science Advisory Secretariat)|x1701-1280|v2006/043|w(CaOODSP)9.506483 |
| 856 | 40|ahttp://publications.gc.ca|qPDF|s264 KB|uhttps://publications.gc.ca/collections/collection_2011/mpo-dfo/Fs70-4-2006-043-eng.pdf|y2006/043 |